000 00553nam a2200193Ia 4500
003 GCL
008 140319s9999 xx 000 0 eng d
020 _a0120959771
040 _aGCL /
_cGCL
082 0 4 _a382
_bB E
100 1 _aBIDGOLI, HOSSEIN
245 1 0 _aELECTRONIC COMMERCE PRINCIPLES AND PRACTICE /
_cBIDGOLI, HOSSEIN
260 _aنيويورك :
_bACADEMIC BOOKSHOP ،
_c2002
300 _a24 CM ؛
_c487 P
650 0 4 _aINTERNATIONAL TRADE
650 0 4 _aELECTRONIC COMMERCE
650 0 4 _aFOREIGN TRADE AND EMPLOYMENT
942 _2ddc
_cBK
999 _c2143
_d2143